| 000 -ლიდერი |
| ფიქსირებული სიგრძის საკონტროლო ველი |
01725nam a2200289Ia 4500 |
| 001 - საკონტროლო ნომერი |
| საკონტროლო ველი |
19902 |
| 003 - საკონტროლო ნომრის იდენტიფიკატორი |
| საკონტროლო ველი |
GE_BSU |
| 005 - ბოლო ოპერაციის თარიღი და დრო |
| საკონტროლო ველი |
20200507152432.0 |
| 008 - ფიქსირებული სიგრძის მონაცემთა ელემენტები - ზოგადი ინფორმაცია |
| ფიქსირებული სიგრძის საკონტროლო ველი |
181216s2016||||ge |||||||||||||| ||geo|| |
| 020 ## - წიგნის საერთაშორისო სტანდარტული ნომერი |
| International Standard Book Number |
9789941084768 |
| 040 ## - კატალოგიზაციის წყარო |
| Transcribing agency |
GE_BSU |
| 041 ## - ენის კოდი |
| Language code of text/sound track or separate title |
geo |
| 080 ## - უნივერსალური ათობითი კლასიფიკაციის ინდექსი |
| Universal Decimal Classification number |
28 ჰ-21 |
| 100 ## - მთავარი ჩანაწერი - პიროვნების სახელი |
| Personal name |
ჰამიდულლაჰ, მუჰამმედ |
| 9 (RLIN) |
8000 |
| 245 ## - ცნობა სათაურის შესახებ |
| Title |
ისლამი = Initiation a I'Islam / |
| Statement of responsibility, etc |
მუჰამმედ ჰამიდულლაჰ ; თარგმნა გიორგი კამლაძემ ; მთავარი რედაქტორი ზურაბ მიქელაძე ; თეოლოგიური რედაქტორი უშანგი ბოლქვაძე. |
| 264 ## - წარმოების, გამოცემის, დისტრიბუციის და სხვა ცნობები |
| გამოცემის, წარმოების, დისტრიბუციის... ადგილი |
ბათუმი : |
| გამოცემის, წარმოების, დისტრიბუციის... სახელწოდება |
ერქამი, |
| გამოცემის, წარმოების, დისტრიბუციის... თარიღი |
2016. |
| 300 ## - ფიზიკური აღწერა |
| Extent |
416 გვ. ; |
| Dimensions |
19 სმ. |
| 520 ## - SUMMARY, ETC. |
| Summary, etc |
წიგნი გამოცემულია საქართველოს ახალგაზრდებზე დახმარების ასოციაციის მიერ სრულიად საქართველოს მუსლიმთა სამმართველოს ინიციატივით |
| 653 ## - INDEX TERM--UNCONTROLLED |
| Uncontrolled term |
ისლამი |
| 653 ## - INDEX TERM--UNCONTROLLED |
| Uncontrolled term |
ისლამი = Initiation a I'Islam |
| 653 ## - INDEX TERM--UNCONTROLLED |
| Uncontrolled term |
რელიგია |
| 700 ## - ADDED ENTRY--PERSONAL NAME |
| Personal name |
კამლაძე, გიორგი |
| Dates associated with a name |
თარგმნა |
| 9 (RLIN) |
8001 |
| 700 ## - ADDED ENTRY--PERSONAL NAME |
| Personal name |
მიქელაძე, ზურაბ |
| Relator term |
მთავარი რედაქტორი |
| 9 (RLIN) |
8002 |
| 700 ## - ADDED ENTRY--PERSONAL NAME |
| Personal name |
ბოლქვაძე, უშანგი |
| Relator term |
თეოლოგიური რედაქტორი |
| 9 (RLIN) |
8003 |
| 942 ## - ADDED ENTRY ELEMENTS (KOHA) |
| Koha item type |
წიგნი |
| Source of classification or shelving scheme |
|